Responses for Show #4173 - Wednesday, October 23, 2002

Contestants

[<< previous game]

Connie Barila, a business analyst from Fort Lee, New Jersey

Brad Vogelbach, a business consultant from Wilton Manors, Florida

Gary Sullivan, a training manager from Germantown, Maryland (whose 1-day cash winnings total $30,000)

[next game >>]

Jeopardy! Round responses

BIRTH OF A PRESIDENT
HERE'S TO YOU, MR. ROBINSON
STUPID ANSWERS
OCEAN LIFE
A WORLD OF PIRATES
"R"RRRRRRRRR
    $200 29
Bill Clinton

Brad
    $200 21
Robinson Crusoe

Brad
    $200 16
Marathon

Connie
    $200 11
(Brad: What is a seagull?)

bird

GaryBrad
    $200 6
Julius Caesar

Brad
    $200 1
reboot

Connie
    $400 30
Harry S. Truman

Gary
    $400 22
Jackie Robinson

Connie
    $400 17
Erik

Gary
    $400 12
(Alex: Or my cousin... well, we won't talk about him!)

elephant

Gary
    $400 7
Barbary pirates

Brad
    $400 2
ringer

Gary
    $600 26
Abraham Lincoln

Gary
    $600 23
(Alex: Less than a minute now.)

Smokey Robinson

Brad
    $600 18
12

Connie
    $600 13
tuna

Connie
    $1,200 8
Hook

Brad
    $600 3
rattan

Brad
    $800 27
Ronald Reagan

Brad
    $800 24
Chris Robinson

Connie
    $800 19
Mystery!

Brad
    $800 14
stingray

Connie
    $800 9
(Connie: Who is Blackbeard?)

Captain Kidd

BradConnie
    $800 4
Eleanor Roosevelt

Gary
    $1000 28
Woodrow Wilson

Triple Stumper
    $1000 25
[ERRATUM: This line was invented by Billy Crystal for his stand-up comedy act. It is not in the film.]

Edward G. Robinson

Gary
    $1000 20
Main

Connie
    $1000 15
porpoises

Gary
    $1000 10
The Pirates of Penzance

Connie
    $1000 5
Rhinoceros

Connie

Scores at the first commercial break (after clue 14):

Gary Brad Connie
$1,800 $3,000 $2,800

Scores at the end of the Jeopardy! Round:

Gary Brad Connie
$5,200 $5,600 $5,800

Double Jeopardy! Round responses

THE BEAUTIFUL SOUTH
MUSIC VIDEOS
'70s U.S.
THE LETTER G
COLORFUL BOOKS
WORD ORIGINS
    $400 6
Mississippi River

Gary
    $400 26
Britney Spears

Connie
    $400 21
ERA (Equal Rights Amendment)

Brad
    $400 11
(Brad: What is General Foods?)

General Mills

BradConnie
    $400 16
"Green Eggs and Ham"

Brad
    $400 1
Pakistan

Brad
    $800 7
Louisville

Brad
    $800 27
(Gary: Who is Jennifer Lopez?)

Mariah Carey

Gary
Triple Stumper
    $800 22
Doonesbury

Brad
    $800 12
thousand

Brad
    $800 17
"Red Storm Rising" & "The Hunt for Red October"

Brad
    $800 2
Tam o' Shanter

Brad
    $1200 8
New Orleans

Connie
    $1200 28
"Amish Paradise"

Gary
    $1200 23
(Alex: Of course!)

California

Connie
    $1200 13
guidance

Connie
    $1200 18
"The Color Purple"

Gary
    $1,000 3
Baroque

Brad
    $1600 9
Williamsburg

Gary
    $1600 29
Destiny's Child

Gary
    $1600 24
(Alex: And we have a minute to go now.)

Jimmy Carter

Brad
    $1600 14
(Connie: What is the Group of 13?)

Group of 8

BradConnie
    $4,000 19
"A Clockwork Orange"

Gary
    $1600 4
Kodiak

Brad
    $2000 10
Savannah

Gary
    $2000 30
Scream

Connie
    $2000 25
swine flu

Brad
    $2000 15
Guernsey

Connie
    $2000 20
Pink

Triple Stumper
    $2000 5
(Gary: What is altitude?)

elevation

GaryBrad

Scores at the end of the Double Jeopardy! Round:

Gary Brad Connie
$14,400 $20,200 $12,600

[wagering suggestions for these scores]

Final Jeopardy! Round responses

AMERICANA
ConnieWhat is the [Stal] Stanley Cup
$12,599
GaryWhat Vince Lombardi Trophy?
$400
BradWhat is the Super Bowl trophy?
$8,601
The Vince Lombardi Trophy (emblematic of winning the Super Bowl)

Final scores:

Gary Brad Connie
$14,800 $28,801 $1
2nd place: $2,000 New champion: $28,801 3rd place: $1,000

Game dynamics:

Coryat scores:

Gary Brad Connie
$12,000 $19,800 $12,600
16 R
(including 1 DD),
2 W
24 R
(including 2 DDs),
2 W
17 R,
2 W

Combined Coryat: $44,400

[game clues] [game scores] [suggest correction]

Game tape date: 2002-07-23
The J! Archive is created by fans, for fans. Scraping, republication, monetization, and malicious use prohibited; this site may use cookies and collect identifying information. See terms. The Jeopardy! game show and all elements thereof, including but not limited to copyright and trademark thereto, are the property of Jeopardy Productions, Inc. and are protected under law. This website is not affiliated with, sponsored by, or operated by Jeopardy Productions, Inc. Join the discussion at JBoard.tv.